U.S. State Trivia by Letter - O - Statistics

General Stats
  • This quiz has been taken 101 times
  • The average score is 14 of 19
Answer Stats
Hint Answer % Correct
State where Tulsa is located Oklahoma
98%
Birth state of seven presidents Ohio
97%
State that shares its name with a famous pioneer trail Oregon
97%
President born in Hawaii Obama
94%
City home to Walt Disney World Orlando
94%
One of the Great Lakes Ontario
92%
First name of TV host Winfrey Oprah
89%
Most populous city in Nebraska Omaha
87%
Hawaiian island that Honolulu is on Oahu
85%
What are ExxonMobil and Chevron known for? Oil
85%
Capital of Washington Olympia
81%
Famous geyser in Yellowstone National Park Old Faithful
72%
Baltimore MLB team named after its state bird Oriole
70%
Mountain range located mostly in Missouri and Arkansas Ozarks
69%
Barrier islands off the coast of North Carolina {Outer} Banks
67%
Most valuable cash crop in Florida Orange
57%
What "family" means in Hawaii Ohana
36%
Epidemic related to drug overdoses Opioid
35%
Largest lake in Florida Okeechobee
28%
No matching quizzes found
Score Distribution
Percent of People with Each Score
Percentile by Number Answered
Your Score History
You have not taken this quiz